00581 2200193 4500001002100000005001500021035002000036007000300056008004100059020002200100082001100122084001700133100002300150245011500173250002500288260002800313300003300341650001300374INLIS00000000000084520250206091712 a0010-0225000020ta250206 g 0 ind  a978-602-6328-38-0 a155.25 a155.25 DIS s0 aDisfira Ika Amelia1 aSurvival Kid For Twenty Something /cDisfira Ika Amelia; Pradnya Wardhani (Penulis); Ferrial Pondrafi (Editor) aCetakan I, Solo 2017 aSolo :bMetagraf,c2017 a238 Halaman :bteks ;c21 cm 4aMotivasi